[Event "SLO-chT2"]
[Site "Ljubljana"]
[Date "2007.11.17"]
[Round "4.5"]
[White "Mrak, Stanislav"]
[Black "Volf, Ziga"]
[Result "0-1"]
[WhiteElo "2011"]
[BlackElo "2191"]
[PlyCount "54"]
[EventDate "2007.11.15"]
[EventType "team"]
[EventRounds "9"]
[EventCountry "SLO"]
[SourceTitle "CBM 121 Extra"]
[Source "ChessBase"]
[SourceDate "2008.01.10"]
[SourceVersion "1"]
[SourceVersionDate "2008.01.10"]
[SourceQuality "1"]
[WhiteTeam "Kranj Stari Mayr"]
[BlackTeam "Krka Novo Mesto"]
[WhiteTeamCountry "SLO"]
[BlackTeamCountry "SLO"]

1. d4 d5 2. Nf3 c6 3. Bf4 e6 4. e3 f5 5. Bd3 Nf6 6. Nbd2 Nbd7 7. c3 Ne4 8. Qe2 Be7 9. h4 Ndf6 10. 0-0-0 0-0 11. Ng5 c5 12. f3 Nxd2 13. Rxd2 c4 14. Bb1 b5 15. g4 b4 16. gxf5 exf5 17. Be5 bxc3 18. bxc3 Qa5 19. e4 Qxc3+ 20. Rc2 Ba3+ 21. Kd1 Qb4 22. Rc1 Bxc1 23. Kxc1 Bd7 24. exf5 Rab8 25. Bxb8 Rxb8 26. Bc2 Qb2+ 27. Kd2 Bxf5 0-1

[Event "SLO-chT1 West"]
[Site "Otocec"]
[Date "2006.11.24"]
[Round "6"]
[White "Ursic, Mateja"]
[Black "Mrak, Stanislav"]
[Result "0-1"]
[WhiteElo "2059"]
[BlackElo "2014"]
[PlyCount "74"]
[EventDate "2006.11.16"]
[EventType "team"]
[EventRounds "9"]
[EventCountry "SLO"]
[SourceTitle "EXT 2008"]
[Source "ChessBase"]
[SourceDate "2007.11.25"]
[SourceVersion "1"]
[SourceVersionDate "2007.11.25"]
[SourceQuality "1"]

1. e4 c6 2. d4 g6 3. Nc3 d5 4. Nf3 Bg4 5. Be3 e6 6. h3 Bxf3 7. Qxf3 Nd7 8. Bd3 Bg7 9. 0-0-0 Qb6 10. exd5 cxd5 11. Bb5 Qd8 12. Rhe1 a6 13. Bxd7+ Qxd7 14. Bg5 h6 15. Bh4 g5 16. Bg3 Ne7 17. h4 b5 18. hxg5 hxg5 19. Be5 Bxe5 20. Rxe5 b4 21. Ne2 Rg8 22. Qe3 Rc8 23. Rxg5 Rxg5 24. Qxg5 Qa4 25. c3 Qxa2 26. Rd2 a5 27. Kd1 a4 28. Nc1 Qb1 29. Qe3 a3 30. bxa3 Rxc3 31. Rd3 Nf5 32. Qd2 Rxc1+ 33. Qxc1 Qxd3+ 34. Ke1 Qc3+ 35. Qxc3 bxc3 36. Ke2 Nxd4+ 37. Kd3 c2 0-1

[Event "SLO-chT"]
[Site "Bled"]
[Date "2005.11.04"]
[Round "2"]
[White "Skoberne, Renato"]
[Black "Mrak, Stanislav"]
[Result "1-0"]
[WhiteElo "2102"]
[BlackElo "2068"]
[PlyCount "118"]
[EventDate "2005.11.03"]
[EventType "team"]
[EventRounds "9"]
[EventCountry "SLO"]
[SourceTitle "CBM 109 Extra"]
[Source "ChessBase"]
[SourceDate "2006.01.03"]
[SourceVersion "2"]
[SourceVersionDate "2006.01.03"]
[SourceQuality "1"]

1. d4 Nf6 2. Nf3 g6 3. g3 Bg7 4. Bg2 0-0 5. 0-0 c6 6. b3 d6 7. Bb2 Bg4 8. Nbd2 Qc8 9. Re1 Bh3 10. Bh1 Bh6 11. c4 Nbd7 12. e4 Qc7 13. Nf1 e5 14. Bc1 Bg7 15. d5 h6 16. Nh4 Nc5 17. b4 Na6 18. Qb3 Qd7 19. Ne3 c5 20. a3 Rac8 21. Bd2 Nh7 22. Rab1 Qe8 23. b5 Nb8 24. Qd3 Rc7 25. Bg2 Bc8 26. Kh1 Re7 27. g4 Nf6 28. Bf3 Nh7 29. Nf1 Nd7 30. Qc2 Ndf6 31. h3 Ng5 32. Bxg5 hxg5 33. Ng2 Nh7 34. Nge3 f5 35. gxf5 gxf5 36. Nxf5 Bxf5 37. exf5 e4 38. Rxe4 Be5 39. Ng3 Nf6 40. Re2 Rh7 41. Kg2 Nd7 42. Bg4 Qd8 43. Nh5 Qe8 44. Ng3 Qd8 45. Rbe1 Nf6 46. Qd2 Bf4 47. Qd1 Nd7 48. Nh5 Ne5 49. Qc2 Qe8 50. Nxf4 gxf4 51. Qe4 Qd8 52. Qxf4 Nd3 53. Qe4 Nxe1+ 54. Rxe1 Rh6 55. Qf4 Kg7 56. f3 Qa5 57. Re7+ Rf7 58. Rxf7+ Kxf7 59. Qxh6 Qd2+ 1-0

[Event "SLO-chT"]
[Site "Bled"]
[Date "2005.11.03"]
[Round "1"]
[White "Mrak, Stanislav"]
[Black "Rebernik, Bostjan"]
[Result "0-1"]
[WhiteElo "2068"]
[BlackElo "2100"]
[PlyCount "54"]
[EventDate "2005.11.03"]
[EventType "team"]
[EventRounds "9"]
[EventCountry "SLO"]
[SourceTitle "CBM 109 Extra"]
[Source "ChessBase"]
[SourceDate "2006.01.03"]
[SourceVersion "2"]
[SourceVersionDate "2006.01.03"]
[SourceQuality "1"]

1. d4 Nf6 2. Nf3 c5 3. d5 b5 4. c4 Bb7 5. g3 e6 6. dxe6 fxe6 7. Bh3 Be7 8. 0-0 b4 9. Nbd2 Nc6 10. b3 0-0 11. Bb2 Qc7 12. e4 e5 13. Nh4 Nd4 14. Bxd4 cxd4 15. Qe2 Bc5 16. Qd3 Rf7 17. f4 exf4 18. gxf4 Nh5 19. f5 Nf4 20. Qf3 d3+ 21. Kh1 Nxh3 22. Qxh3 Qd6 23. Rf3 Re8 24. Re1 Qd4 25. Rfe3 Rfe7 26. Qf3 Qxe3 27. Rxe3 Bxe3 0-1

[Event "Warsaw AIG Life rapid 13th-16th"]
[Site "Warsaw"]
[Date "2005.03.12"]
[Round "3"]
[White "Mrak, Stanislav"]
[Black "Zimmermann, Julian"]
[Result "1-0"]
[WhiteElo "2270"]
[BlackElo "2316"]
[PlyCount "77"]
[EventDate "2005.12.17"]
[EventType "tourn (rapid)"]
[EventRounds "3"]
[EventCountry "POL"]
[EventCategory "12"]
[SourceTitle "EXT 2007"]
[Source "ChessBase"]
[SourceDate "2006.11.23"]
[SourceVersion "1"]
[SourceVersionDate "2006.11.23"]
[SourceQuality "1"]

1. e4 g6 2. d4 d6 3. Nc3 Bg7 4. f4 Nf6 5. Nf3 0-0 6. Bd3 Na6 7. 0-0 c5 8. d5 Rb8 9. Qe2 Nc7 10. a4 a6 11. a5 Bg4 12. h3 Bxf3 13. Qxf3 Nd7 14. Ne2 b5 15. axb6 Rxb6 16. Ra2 Qb8 17. b3 e6 18. Bb2 exd5 19. exd5 Bxb2 20. Rxb2 Nf6 21. Bc4 Qa8 22. f5 Nd7 23. Ra2 Qd8 24. Nc3 Qh4 25. Ne4 f6 26. fxg6 hxg6 27. Ra4 f5 28. Nd2 Qd4+ 29. Rf2 Qg7 30. Qg3 Ne5 31. Nf3 Nxf3+ 32. Rxf3 Qf6 33. Bd3 Qg7 34. Rh4 Rf6 35. Qg5 Rb8 36. Rh6 Rbf8 37. Rg3 Kf7 38. Qh4 Kg8 39. Bxf5 1-0

[Event "Warsaw AIG Life rapid 13th-16th"]
[Site "Warsaw"]
[Date "2005.03.11"]
[Round "1"]
[White "Mrak, Stanislav"]
[Black "Mayr, Thomas"]
[Result "1/2-1/2"]
[WhiteElo "2270"]
[BlackElo "2075"]
[PlyCount "64"]
[EventDate "2005.12.17"]
[EventType "tourn (rapid)"]
[EventRounds "3"]
[EventCountry "POL"]
[EventCategory "12"]
[SourceTitle "EXT 2007"]
[Source "ChessBase"]
[SourceDate "2006.11.23"]
[SourceVersion "1"]
[SourceVersionDate "2006.11.23"]
[SourceQuality "1"]

1. e4 d6 2. d4 Nf6 3. Nc3 e5 4. dxe5 dxe5 5. Qxd8+ Kxd8 6. Bc4 Be6 7. Bxe6 fxe6 8. Bg5 Nbd7 9. 0-0-0 Bd6 10. Nf3 g6 11. Nd2 h6 12. Bh4 Ke7 13. Nc4 g5 14. Bg3 b5 15. Nxd6 cxd6 16. f3 Rac8 17. Bf2 Nc5 18. h4 g4 19. Be3 b4 20. Ne2 d5 21. exd5 Nxd5 22. Bxc5+ Rxc5 23. fxg4 Rhc8 24. Rd2 Ne3 25. c3 Nxg4 26. Kb1 a5 27. cxb4 axb4 28. Rc1 Rxc1+ 29. Nxc1 Rc4 30. b3 Rf4 31. Nd3 Rf1+ 32. Kc2 Ne3+ 1/2-1/2